| 000 | 01166nkm a2200277 i 4500 | ||
|---|---|---|---|
| 001 | 4051 | ||
| 003 | ES-MaACL | ||
| 005 | 20250713062913.0 | ||
| 007 | khrbo | ||
| 008 | 070625s1987 sp --- g |001||spa d | ||
| 100 | 0 |
_aAlfonso, _d1902-1990 _919858 |
|
| 245 | 1 | 0 |
_aExposición de Pilar Araña y Severo Acosta [ _hFotografía] / _cAlfonso (sello). |
| 260 |
_a[S.l. : _bs.n.], _c1987. |
||
| 300 |
_a2 fot. : _bb. y n. ; _c12 x 18 cm. |
||
| 500 | _aDatos basados en invitación. | ||
| 511 | 0 | _aIntervienen: Pilar Araña, Severo Acosta. | |
| 518 | _aActo organizado por el Ateneo de Madrid, celebrado en la sala de exposiciones de Santa Catalina el martes, 2 de junio de 1987, a las 20:00 h. | ||
| 600 | 1 | 4 |
_aAraña, Pilar. _922338 |
| 600 | 1 | 4 |
_aAcosta, Severo. _918303 |
| 610 | 2 | 4 |
_aAteneo de Madrid- _xActos culturales- _y1987- _vFotografías. _91902 |
| 710 | 2 |
_aAteneo de Madrid. _91875 |
|
| 852 |
_aES-MaACL _jFOT 116/1987 |
||
| 856 | 4 |
_uhttp://www.ateneodemadrid.net/biblioteca_digital/imagenes/1987/0116_01-1987.jpg _zVer imagen |
|
| 856 | 4 |
_uhttp://www.ateneodemadrid.net/biblioteca_digital/imagenes/1987/0116_02-1987.jpg _zVer imagen |
|
| 999 |
_c4051 _d4051 |
||